| 000 | 00774nam a22001937a 4500 | ||
|---|---|---|---|
| 008 | 110421s2011 enk|||||r|||| 001 0 eng d | ||
| 020 | _a0415560284 | ||
| 020 | _a9780415560283 | ||
| 082 |
_222 _a320.557 _bPOL |
||
| 245 |
_aPolitical Islam : _bA Critical Reader / _cEdited by Frederic Volpi |
||
| 260 |
_aLondon _b Routledge, 2011. _c2011 |
||
| 300 |
_axv, 471 p. ; _c25 cm. |
||
| 504 | _aIncludes bibliographical references and index | ||
| 650 |
_912785 _aIslam and politics. |
||
| 653 |
_bPol _cApril2011 |
||
| 700 |
_923259 _aVolpi, Frederic. |
||
| 942 |
_2ddc _cBB |
||
| 999 |
_c15164 _d15164 |
||